[Event "CRI-ch"]
[Site "San Jose"]
[Date "2019.01.13"]
[Round "5"]
[White "Duran Vega, Sergio"]
[Black "Arias Santana, Mauricio"]
[Result "1-0"]
[WhiteElo "2396"]
[BlackElo "2270"]
[PlyCount "61"]
[EventDate "2019.01.10"]
[EventType "tourn"]
[EventRounds "11"]
[EventCountry "CRI"]
[SourceTitle "CBM 189 Extra"]
[Source "ChessBase"]
[SourceDate "2019.06.03"]
[SourceVersion "1"]
[SourceVersionDate "2019.06.03"]
[SourceQuality "1"]

1. d4 f5 2. Bg5 d5 3. e3 c6 4. c4 Qb6 5. Qc2 e6 6. Bd3 Na6 7. a3 Be7 8. Bxe7 Nxe7 9. Nf3 0-0 10. 0-0 Nb8 11. Nc3 Qd8 12. Ne2 Rf6 13. Nf4 Bd7 14. b4 b5 15. cxb5 cxb5 16. Qc5 a6 17. Rac1 Nbc6 18. Qc3 Nc8 19. Qd2 Nd6 20. Rc5 Ne4 21. Bxe4 fxe4 22. Ne5 Nxe5 23. dxe5 Rh6 24. Rfc1 Qh4 25. h3 Rf8 26. Rc7 Be8 27. Ra7 Qg5 28. Qd4 Qf5 29. Rcc7 Bh5 30. Rxg7+ Kh8 31. g4 1-0

[Event "CRI-ch"]
[Site "San Jose"]
[Date "2019.01.11"]
[Round "2"]
[White "Valdes Romero, Leonardo"]
[Black "Arias Santana, Mauricio"]
[Result "1-0"]
[WhiteElo "2399"]
[BlackElo "2270"]
[PlyCount "129"]
[EventDate "2019.01.10"]
[EventType "tourn"]
[EventRounds "11"]
[EventCountry "CRI"]
[SourceTitle "CBM 189 Extra"]
[Source "ChessBase"]
[SourceDate "2019.06.03"]
[SourceVersion "1"]
[SourceVersionDate "2019.06.03"]
[SourceQuality "1"]

1. Nf3 c5 2. c4 Nc6 3. Nc3 e5 4. g3 g6 5. Bg2 Bg7 6. a3 a5 7. 0-0 Nge7 8. d3 d6 9. Rb1 Be6 10. Bg5 f6 11. Bd2 0-0 12. Ne1 d5 13. Na4 Qd6 14. cxd5 Nxd5 15. Rc1 b6 16. Bxd5 Bxd5 17. Nxb6 Nd4 18. Nxd5 Qxd5 19. e4 Qd6 20. Nf3 Ne6 21. Qb3 Rfb8 22. Qc4 a4 23. Rc3 Kh8 24. h4 Qd7 25. Nh2 h5 26. Kg2 Kh7 27. Re1 Bh6 28. Kh1 Rb3 29. Rg1 Ra7 30. Nf3 Nd4 31. Kg2 Ne6 32. Nh2 Rb8 33. Rh1 g5 34. hxg5 Bxg5 35. Nf3 Nf4+ 36. Kf1 Nh3 37. Qd5 Qg4 38. Nh2 Qc8 39. Rc2 Bh6 40. Nf3 Qg4 41. Nh2 Qc8 42. Ke2 h4 43. Be1 hxg3 44. fxg3 Ng5 45. g4 Rf7 46. Qc4 Qd8 47. Rc1 Rb6 48. Bd2 Kg6 49. Bxg5 Bxg5 50. Nf3 Rd6 51. Rc3 Rh7 52. Rxh7 Kxh7 53. Qf7+ Kh6 54. Qc4 Qd7 55. Qxc5 Kg7 56. Nxg5 fxg5 57. Qxe5+ Kh6 58. Qf5 Qb7 59. Qf8+ Kh7 60. Qf5+ Kh6 61. Qf8+ Kh7 62. Rc2 Rb6 63. Qf5+ Kh6 64. Kd1 Qb8 65. Rh2+ 1-0